[Event "St Petersburg"]
[Site "St Petersburg"]
[Date "1997.04.27"]
[Round "11"]
[White "Svidler, Peter"]
[Black "Ivanov, Sergey"]
[Result "1-0"]
[WhiteElo "2640"]
[BlackElo "2515"]
[Annotator "Finkel,A"]
[PlyCount "95"]
[EventDate "1997.??.??"]
[EventType "tourn"]
[EventRounds "11"]
[EventCountry "RUS"]
[EventCategory "14"]
[SourceTitle "CBM 059"]
[Source "ChessBase"]
[SourceDate "1997.08.01"]
[SourceVersion "1"]
[SourceVersionDate "1997.08.01"]
[SourceQuality "1"]

1. e4 e6 2. d4 d5 3. Nc3 Bb4 4. e5 c5 5. a3 Ba5 6. b4 cxd4 7. Nb5 Bc7 8. f4 a5
9. Bd2 Nh6 10. Nf3 (10. Bd3 $5 Bd7 11. Nxc7+ Qxc7 12. Nf3 Nf5 13. b5 $1 Qc5 14.
Qe2 O-O 15. a4 f6 16. O-O Ne3 17. Rfe1 $16 {Almasi,Z-Kortschnoj,V/EUCup f
Budapest 1996 (32)}) 10... axb4 (10... Nf5 11. Bd3 O-O 12. O-O (12. Bxf5 $6
exf5 13. Nfxd4 Nc6 14. Nxc6 bxc6 15. Nxc7 Qxc7 16. Be3 f6 $11 {Minasian,
A-Lputian,S/Philadelphia World op 1994 (22)}) 12... Nc6 13. Nxc7 Qxc7 14. b5
Nce7 15. Qe2 Bd7 16. g4 Ne3 17. Bxe3 dxe3 18. Qxe3 $14 {Leko,P-Ivanov,S/EUCup
f Budapest 1996 (83)}) 11. axb4 Rxa1 12. Qxa1 O-O (12... Nf5 13. Nfxd4 $6 (13.
c3 $1 Ne3 (13... dxc3 $6 14. Qxc3 Nc6 15. Nxc7+ Qxc7 16. b5 $18) (13... O-O 14.
Nxc7 Qxc7 15. cxd4 Qc2 16. g4 $1 $14) 14. Nfxd4 Nxf1 15. Nxc7+ Qxc7 16. Nb5 Qc6
17. Nd6+ Kf8 18. Rxf1 $14) 13... Nxd4 14. Qxd4 Bb6 15. Qd3 O-O 16. Be3 Bxe3 17.
Qxe3 Nc6 18. c3 f6 $17) 13. Nxc7 Qxc7 14. Nxd4 Nf5 $6 {After this move white
may be does'nt get such a big opening advantage,but black deprives himself
counterplay and against such player as Svidler it's extremly dangerous} (14...
f6 $5 15. exf6 Rxf6 16. Bd3 Nc6 17. Nxc6 Qxc6 18. Qd4 $14) 15. Nxf5 exf5 16.
Qc3 Qxc3 17. Bxc3 $14 {White has a lot of small,but very meaningful pluses:
bishops pair,better pawn structure,more active king,in the future controle
over the a-file.All this factors make defense very difficult} Be6 18. Kd2 Rc8
19. Bd3 Nc6 20. Rb1 $1 {It was tempting to play} (20. b5 {immideatly,but after}
d4 $1 21. Bb2 Nb4 22. Bxd4 Nxd3 23. cxd3 Bd5 $14 {white wins a pawn,but
does'nt have real chances to win the game!}) 20... Ra8 21. b5 Na5 22. Bxa5 Rxa5
23. Rb3 $1 {[%csl Rb7][%cal Gb3c3,Gc3c7] Penitrating through the c-file on the
seventh rank} b6 (23... Ra1 24. Rc3 Rg1 25. g3 Rg2+ 26. Ke3 Rxh2 27. Rc7 $18)
24. Rc3 Ra7 25. Rc6 Rb7 26. c4 $1 (26. Rd6 $5 Kf8 27. g4 fxg4 28. f5 Bd7 29.
Rxd5 Ke7 30. c4 $14) 26... dxc4 27. Bxc4 Bd7 28. Rd6 $16 {The difference in
the strength of two remaining pieces is huge,it means that material balance
won't stay for long.} Kf8 29. Bd5 Rc7 30. Rxb6 Rc5 31. Bc6 Bxc6 32. bxc6 {
It's very useful to see how Svidler step by step wins this endgame.} Ke7 33.
Rb7+ Ke6 34. Rc7 h5 35. Kd3 h4 36. h3 g6 37. Kd4 Rc2 38. Rc8 $1 {Preparing the
place for a king} Ke7 39. Kd5 Rd2+ 40. Kc5 Rxg2 41. Rb8 $18 Rc2+ 42. Kb6 Rb2+
43. Ka7 Ra2+ 44. Kb7 Rb2+ 45. Kc8 Rc2 46. c7 g5 47. fxg5 Ke6 48. Kd8 1-0

[Event "Dresden zt 1.2"]
[Site "Dresden"]
[Date "1998.04.30"]
[Round "3"]
[White "Rogulj, Branko"]
[Black "Atlas, Dimitry"]
[Result "0-1"]
[WhiteElo "2430"]
[BlackElo "2315"]
[Annotator "Finkel,A"]
[PlyCount "44"]
[EventDate "1998.04.28"]
[EventType "swiss"]
[EventRounds "11"]
[EventCountry "GER"]
[SourceTitle "CBM 065"]
[Source "ChessBase"]
[SourceDate "1998.08.06"]
[SourceVersion "1"]
[SourceVersionDate "1998.08.06"]
[SourceQuality "1"]

{[%mdl 10816]} 1. e4 e6 2. Nc3 d5 3. d4 Bb4 4. e5 c5 5. a3 Ba5 6. b4 cxd4 7.
Qg4 Ne7 8. bxa5 dxc3 9. Qxg7 Rg8 10. Qxh7 Nbc6 11. Nf3 Qc7 12. Bb5 Bd7 13. Bxc6
$6 {A new move in old variation and as shows the game it's not exactly an
improvment!} (13. O-O $5 O-O-O $5 (13... Nxe5 14. Nxe5 Qxe5 15. Bxd7+ Kxd7 16.
Qd3 d4 $5 (16... Rac8 17. Rb1 Rc7 18. Be3 (18. Rb4 $5 Nc6 19. Rh4 Nxa5 20. Qb5+
Nc6 21. Bf4 Qg7 22. g3 a6 $13 {Horvath,I-Luther,T/Szekszard op 1989 (33)})
18... Nc6 19. f4 Qd6 20. Bd4 Qxa3 21. Ra1 Qb4 $132 {Balashov,Y-Lputian,S/
Uzhgorod 1988/1/2-1/2 (60)}) (16... Rh8 $6 17. g3 Qc7 18. Bg5 Rhc8 $6 19. Rab1
Rab8 20. Rfe1 $14 {Ortega,J-Del Campo,J/Sevilla op 1992 (30)}) 17. Rb1 $5 Qd5
18. f3 Rac8 19. Bf4 e5 20. Bg3 f6 $132 {Chandler,M-Vaganian,R/Naestved 1985/
0-1 (62)}) 14. Bg5 (14. Bxc6 Nxc6 $5 (14... Bxc6 15. Ng5 $5 Qxe5 16. Qxf7 $2 (
16. Nxf7 $1 Rg7 (16... Rxg2+ $2 17. Kxg2 d4+ 18. f3 Qe2+ 19. Kg1 Rg8+ 20. Ng5
$18) 17. Nxe5 Rxh7 18. Bg5 Rg8 19. Bxe7 Rxe7 20. Rad1 $14) 16... Rxg5 17. Bxg5
Qxg5 18. f4 Qh4 19. Rae1 Rh8 $17 {Lengyel,B-Mueller,K/Utasellato IM-B 1990 (44)
}) 15. Bg5 Nxe5 $1 16. Bxd8 Nxf3+ 17. Kh1 Qxd8 18. gxf3 Rh8 $36 {Bloessl,
W-Pohlenz,K/Nuernberg op 1990 (30)}) 14... Nxe5 $5 15. Nxe5 Bxb5 16. Nxf7 Bxf1
17. Nxd8 Rxg5 18. Nxe6 Rxg2+ 19. Kh1 $1 Qe5 $11 {Liedtke,M-Wendt,R/BL2-O 1994 
(24)}) 13... Bxc6 14. O-O $6 {Another inaccuracy after which white finds
himself in serious troubles.} (14. Qd3 Rxg2 15. Bf4 (15. Qxc3 d4 $1) 15... Qxa5
16. Bg3 O-O-O 17. Qf1 Rxg3 18. hxg3 d4 $17) 14... d4 15. Ng5 Qxe5 16. Qxf7+ Kd7
17. Qf4 $2 {Missing simple,but extremly beuatiful tactical blow immideatly
finishing the game.After correct} (17. f4 Qd5 18. Nf3 Rae8 {[%csl Ra1,Rc1]} (
18... Rxg2+ $5 19. Kxg2 Rg8+ 20. Kh3 (20. Kh1 Qxf3+ 21. Rxf3 Bxf3#) (20. Qxg8
Nxg8 21. Kg3 Nf6 22. Ne5+ Kc7 $17) 20... Rh8+ 21. Kg3 Rg8+ $11) 19. g3 Kc8 20.
a4 Nf5 $17 {[%csl Rg3][%cal Gc6g2] black has much better prospects,but white
can hold on.}) 17... Rxg5 $1 18. Qxg5 Rg8 $3 $19 {[%csl Rg2][%cal Gg7g2]} 19.
Qxe5 Rxg2+ 20. Kh1 Rxf2+ 21. Kg1 Rg2+ 22. Kh1 Rg3+ 0-1

[Event "Edmonton 11th"]
[Site "Edmonton"]
[Date "2016.06.21"]
[Round "4"]
[White "Ganguly, Surya Shekhar"]
[Black "Sambuev, Bator"]
[Result "1-0"]
[WhiteElo "2654"]
[BlackElo "2540"]
[Annotator "Fischer,J"]
[PlyCount "87"]
[EventDate "2016.06.18"]
[EventType "tourn"]
[EventRounds "9"]
[EventCountry "CAN"]
[EventCategory "9"]
[SourceTitle "CBM 173 Extra"]
[Source "ChessBase"]
[SourceDate "2016.08.29"]
[SourceVersion "1"]
[SourceVersionDate "2016.08.29"]
[SourceQuality "1"]

1. e4 e6 2. d4 d5 3. Nc3 Bb4 4. e5 c5 5. a3 Ba5 6. b4 cxd4 7. Qg4 Ne7 8. bxa5
dxc3 9. Qxg7 Rg8 10. Qxh7 Nbc6 11. Nf3 Qc7 12. Bf4 Bd7 13. a6 O-O-O 14. axb7+
Kb8 15. Qd3 Rg4 16. g3 Ng6 17. Qxc3 Nxf4 18. h3 Nxh3 19. Rxh3 Re4+ 20. Kd2 f6 (
{The first new move. A previous game continued} 20... Qb6 21. Rh2 d4 22. Qb3
Qa5+ 23. Kc1 Nxe5 24. Nxe5 Qxe5 25. Bd3 Re1+ 26. Kb2 Rxa1 27. Kxa1 Bc6 28. Rh7
Rd7 29. Qb4 a5 30. f4 axb4 31. fxe5 bxa3 32. Ka2 Kxb7 33. Kxa3 Kb6 34. Kb4 Ra7
35. g4 Ra4+ 36. Kb3 Ra7 37. Kc4 {1/2-1/2 (37) Dos Santos,R (2376)-Converset,J 
(2270) Buenos Aires 2006}) 21. Bd3 Qb6 22. Rh2 {[#]} Rxe5 {Black decides to
give the exchange to create counterplay. But objectively this should not be
enough.} ({However, after} 22... Rg4 23. exf6 {White is three pawns up and it
is difficult to see how Black can create convincing threats.}) 23. Nxe5 fxe5
24. Kc1 Nd4 25. Rb1 Qd6 26. Rh7 Nc6 27. Bb5 Nd4 28. Bd3 Nc6 {Offering a
repetition of moves - which White declines more or less politely.} 29. f3 Be8
30. Rh8 e4 31. fxe4 dxe4 32. Bxe4 Nd4 33. Qd3 Ne2+ 34. Kd2 (34. Qxe2 $4 Qxa3+
35. Rb2 Qa1+ 36. Rb1 Qa3+ {and Black has a perpetual.}) 34... Nd4 35. Rb4 e5
36. Rc4 Qe7 37. Rc8+ {Now it is White who attacks.} Rxc8 38. bxc8=Q+ Kxc8 39.
Qa6+ Kd8 40. Qa5+ Kc8 41. Ke1 Qg5 42. Qc5+ Kd7 43. Rh7+ Ke6 44. Qd5+ 1-0

[Event "World Cup"]
[Site "Reykjavik"]
[Date "1991.??.??"]
[Round "6"]
[White "Ehlvest, Jaan"]
[Black "Nikolic, Predrag"]
[Result "0-1"]
[WhiteElo "2605"]
[BlackElo "2625"]
[Annotator "Ftacnik,L"]
[PlyCount "78"]
[EventDate "1991.09.??"]
[EventType "tourn"]
[EventRounds "15"]
[EventCountry "ISL"]
[EventCategory "16"]
[SourceTitle "CBM 026"]
[Source "ChessBase"]
[SourceDate "1992.02.01"]
[SourceVersion "1"]
[SourceVersionDate "1992.02.01"]
[SourceQuality "1"]

1. e4 {Ernst} e6 2. d4 d5 3. Nc3 Bb4 4. e5 c5 5. a3 Bxc3+ 6. bxc3 Ne7 7. Qg4
cxd4 8. Qxg7 Rg8 9. Qxh7 Qc7 10. Ne2 Nbc6 11. f4 dxc3 12. Qd3 Bd7 13. Nxc3 a6
14. Rb1 Nf5 (14... Rc8 15. h4 Na7 16. Bd2 Nb5 17. Ne2 d4 18. h5 Nf5 19. Rh3 Bc6
20. h6 Bd5 21. Ng3 Ne3 22. Nh5 Rh8 23. Nf6+ Ke7 24. Nxd5+ Nxd5 $16 {
Psakhis-Stevanovic/Bela Crkva/1987/}) 15. Ne2 (15. g4 Nxe5 16. fxe5 Qxe5+ 17.
Ne2 Rxg4 18. h3 Rc4 19. Rg1 O-O-O 20. Rg4 Bb5 21. Bb2 d4 $14 {Namyslo-Apicella/
Lugano op/1989/}) 15... Na7 $5 (15... Nce7 {Ernst} 16. Qc3 Bc6 17. Rg1 O-O-O
18. Nd4 $1 $16) 16. Qc3 (16. Nd4 Nxd4 17. Qxd4 Qxc2) 16... Bc6 17. Nd4 Nxd4 18.
Qxd4 Nb5 (18... Bb5 19. Qd2 Rc8 $132) 19. Qc5 (19. Qd2 d4 $1) 19... d4 $1 20.
Rb3 (20. Rg1 O-O-O $132) (20. Bxb5 $2 axb5 21. Qxd4 Rd8 22. Qe3 (22. Qc5 Rd1+
$1 23. Kxd1 Bf3+ $19) 22... Bxg2 23. Rg1 Qxc2 $19) 20... Qd8 $1 21. Rh3 (21.
Rg3 $2 Qh4 22. Rg1 $8 Rxg3 23. hxg3 Qxg3+ $19) (21. Kf2 Qh4+ 22. Kg1 Qe1 $19)
21... Rc8 22. Rg1 (22. Qb4 Nc3 $40) 22... Nc3 23. Bd3 Be4 24. Qd6 (24. Qa7 Qd5
$17) (24. Qb4 Bxd3 (24... Qd5 {Ernst} 25. Qb3 Qc6 $17) 25. Rxd3 Na2 26. Qb2
Nxc1 27. Qxc1 Qh4+ 28. g3 Qxh2 $19) 24... Qxd6 25. exd6 Kd7 26. Bb2 (26. g4
Kxd6 $17) 26... Bxg2 27. Rh7 Rcf8 28. Kf2 Bd5 29. Rxg8 Rxg8 30. Bxc3 (30. Rxf7+
Kxd6 31. f5 Nd1+ $19) 30... Rg2+ 31. Kf1 dxc3 32. Rxf7+ Kxd6 33. h4 (33. f5 e5
34. Rf6+ Kc5 $19) 33... Rh2 34. Rh7 Kc5 35. h5 Kd4 36. Kg1 (36. h6 Ke3 37. Rg7
Rxh6 $19) 36... Rg2+ 37. Kf1 Ke3 38. f5 Rd2 39. Kg1 (39. Ke1 Bf3) 39... Rxd3 {
Ftacnik,L} (39... Rd1+ 40. Kh2 Kf4 $19) (39... Rxd3 40. cxd3 c2 41. Rc7 Bc6 $19
) 0-1

[Event "EU-ch 15th"]
[Site "Yerevan"]
[Date "2014.03.10"]
[Round "7"]
[White "Almasi, Zoltan"]
[Black "Prizant, Jaroslav"]
[Result "1-0"]
[WhiteElo "2704"]
[BlackElo "2534"]
[Annotator "Ftacnik,L"]
[PlyCount "79"]
[EventDate "2014.03.03"]
[EventType "swiss"]
[EventRounds "11"]
[EventCountry "ARM"]
[SourceTitle "CBM 160"]
[Source "ChessBase"]
[SourceDate "2014.05.15"]
[SourceVersion "1"]
[SourceVersionDate "2014.05.15"]
[SourceQuality "1"]

1. e4 e6 2. d4 d5 3. Nc3 Bb4 4. e5 Ne7 5. a3 Bxc3+ 6. bxc3 c5 7. h4 {Serious
experts in the French Defence used to swear by 7.Qg4, but even the modest
h-pawn advance is not so easy to meet.} (7. Qg4) 7... Qc7 8. h5 cxd4 9. cxd4
Qc3+ 10. Bd2 Qxd4 11. Nf3 Qe4+ {It seems, that the black queen is obliged to
accept the invitation to a dangerous dance in the centre. The modest retreat
would make it easier for White to develop his initiative.} (11... Qb6 $2 12. h6
g6 13. Bd3 Nbc6 14. Bg5 Qc7 15. Bf6 O-O 16. Qd2 Re8 17. Kf1 d4 18. Qg5 $16 {
Milos,G-Playa,M/Asuncion/1992/1-0 /39/}) 12. Be2 Nf5 13. O-O {Another great
idea in the position is to retreat with the white king for only one step, in
order to keep the rook active on the h-file. Probably only the best experts in
the line would be able to sell the secret as to which line is more dangerous
for the defender.} (13. Kf1 b6 (13... Nc6 14. Bd3 Qg4 15. Rb1 f6 16. Qe1 O-O
17. Rh3 fxe5 18. Nxe5 Nxe5 19. Qxe5 Qd4 20. Qe1 $11 {1-0 (34) Kuczynski,R 
(2510)-Portisch,F (2385) Passau 1994}) 14. Bb5+ (14. Bd3 $2 Ba6 $17) 14... Bd7
(14... Kf8 15. Kg1 $1 Ba6 16. Bd3 Qg4 (16... Bxd3 17. cxd3 Qxd3 $4 18. Bb4+ $18
) 17. Bxf5 $1 Qxf5 18. h6 gxh6 19. Nd4 Qe4 20. Bxh6+ Ke8 21. Qd2 $16 {
Kuczynski,R-Schmidt,W/POL/1990/ 1-0 (34)}) (14... Nd7 15. Kg1 O-O 16. Bd3 Qg4
17. h6 g6 18. Bb4 Nc5 19. Bxf5 Qxf5 20. Qd4 Ba6 21. Bxc5 bxc5 22. Qxc5 $11 {
1/2 (38) Van Kampen,R (2602)-Nakar,E (2398) Caleta 2014}) 15. Bd3 Qg4 16. h6 (
16. Rh3 $5 Nc6 17. Qe1 Qa4 18. Kg1 h6 19. Rb1 Rc8 20. Bb4 $44 {Kuczynski,
R-Schmidt,W/Polanica Zdroj/1989/ 1-0 (36)}) 16... gxh6 17. Bxh6 (17. Bxf5 $2
Qxf5 18. Rxh6 Rg8 19. Bb4 (19. Kg1 $1 $44) 19... Bb5+ 20. Kg1 Qe4 $1 $17 21.
Rh4 (21. Ne1 Qxe5 22. Rxh7 $17) 21... Be2 $1 22. Rxe4 Bxd1 $17 {0-1 (33) Najer,
E (2455)-Rustemov,A (2475) Moscow 1995}) 17... Nc6 18. Bg5 Rc8 19. Bf6 Rg8 20.
g3 Na5 21. Rxh7 Ba4 {0-1 (60) Aseev,K (2545)-Rustemov,A (2435) St Petersburg
1994}) (13. h6 gxh6 14. Kf1 Rg8 15. Bd3 Qg4 16. Ne1 Qxd1 17. Rxd1 Nc6 18. Bxf5
exf5 19. Rxh6 Be6 20. Nd3 O-O-O 21. Rxh7 Rh8 22. Rxh8 Rxh8 {1/2 (22) Kuczynski,
R (2485)-Schmidt,W (2440) Slupsk 1988}) 13... Nc6 14. Re1 Nfd4 {The exchange
of the knights diminishes White's attacking postential, but it also costs time
and energy. White has enough for the sacrificed pawn and the situation remains
more dangerous for Black.} (14... O-O 15. h6 Nxh6 16. Bxh6 gxh6 17. Rb1 Kh8 18.
Bb5 Qg6 19. Bxc6 bxc6 20. Rb4 Rg8 21. Nh4 Qg5 $15 {1/2 (58) Almasi,Z (2707)
-Vallejo Pons,F (2705) Beijing 2011}) 15. Nxd4 Qxd4 (15... Nxd4 $2 16. Bb5+ $18
) 16. Bb5 Bd7 (16... a6 17. c3 Qh4 18. Bxc6+ bxc6 19. Rb1 O-O $13) 17. Rb1 f5 {
Prizant would love to put the lid on the mounting attack by White, but the
move with the f-pawn seriously weakens the point e6.} (17... O-O 18. Bxc6 bxc6
19. Rb4 Qc5 20. h6 f5 21. hxg7 Rfb8 22. Rh4 $14) 18. h6 (18. exf6 O-O 19. Bxc6
Qxf6 20. Bxd7 Qxf2+ 21. Kh2 Qh4+ 22. Kg1 Qf2+ $11) 18... g6 19. c3 Qc5 $6 (
19... Qh4 $5 20. Qc1 f4 21. Bxf4 O-O 22. g3 Qe7 23. Bf1 Na5 $13) 20. c4 $1 {
As a consequence of Black's failure to spot the best defence with 19...Qh4
Almasi is getting the chance to open up the centre at the moment, when the
defender is ill prepared for the fight.} dxc4 (20... d4 21. Bb4 Nxb4 22. Bxd7+
Kxd7 23. axb4 Qe7 (23... Qxc4 24. Rc1 Qxb4 25. Rb1 $16) 24. Qxd4+ Kc7 25. Qa1
$16) 21. Be3 Qe7 (21... Qxa3 22. Bxc4 Bc8 23. Bg5 $16) (21... Qd5 22. Qc1 Nxe5
23. Qc3 Bxb5 24. Red1 $18) 22. Bxc4 b6 23. Qd2 O-O (23... Qxa3 24. Bb5 O-O-O
25. Rec1 Kb7 26. Bg5 $18) 24. Bg5 Qe8 25. Red1 $6 {The celebrated bon mot
insists that it is next to impossible to play well on open files with the
rooks when there are multiple options and attractions. Most players would not
hesitate to centralise the rook from the b-file - and they would most likely
be right!} (25. Rbd1 $1 Rf7 26. Qa2 Nd8 27. a4 $16) 25... Rf7 26. Qa2 Nxe5 27.
Rxd7 $6 {[%mdl 128] Almasi is as fallible as any chessplayer and it seems that
he has hastened the tactical solution of the position. The modest retreat of
the bishop to b3 would keep too many threats, the defender would not be able
to meet them all.} (27. Bb3 $1 Rc8 (27... b5 28. Rxd7 Nxd7 29. Bxe6 Nc5 (29...
a6 30. Re1 Nc5 31. Bxf7+ Qxf7 32. Qxf7+ Kxf7 33. Re7+ Kg8 34. Rg7+ Kf8 35. Rxh7
$18) 30. Bd5 Rb8 31. Qb2 Qf8 32. Be7 $18) 28. Bf4 Nc6 29. Rd6 Na5 30. Rxd7 Rxd7
31. Bxe6+ Kf8 (31... Rf7 32. Rd1 $18) 32. Re1 Rcd8 33. Qb2 Rd4 34. Bd2 $18)
27... Nxd7 28. Bxe6 Nc5 29. Bd5 Rc8 30. Qa1 {The position of Prizant is
precarious, but a direct solution is not to be seen. The computer tries to
help with a suggestion of the clever move 30.Rd1!? combining various threats.}
(30. Rd1 $5 Ne4 31. Be3 Nf6 32. Be6 Kf8 33. Bxc8 Qxc8 34. Bd2 $14) 30... Qf8
31. Re1 Ne4 32. Bf4 $2 {White has failed to guess which line would be the most
dangerous. Paradoxically it is an exchange of rooks; the defender would
struggle due to the threat along the a1-h8 diagonal.} (32. Rc1 $1 Rxc1+ (32...
Nc5 33. Be3 Rd8 34. Ba2 f4 35. Bxc5 bxc5 36. Rxc5 Qxh6 37. Rc7 Rdf8 38. Qe5 Qg7
39. Rxf7 Rxf7 40. Qe8+ Qf8 41. Bxf7+ $18) 33. Bxc1 Nxf2 (33... Nc5 34. Qd4 Ne4
35. Bb2 $18) 34. Bxf7+ Kxf7 35. Qa2+ $16) 32... g5 $1 33. Bxg5 (33. Be5 Qc5 34.
Qa2 Kf8 35. Bxf7 Qxe5 $11) 33... Nxg5 34. Qf6 {The opening of the shield
protecting the black king is dangerous, but he can take some consolation from
the extra rook.} Ne4 35. Qxf5 Nd6 36. Qf6 (36. Qg4+ Kh8 37. Bxf7 Nxf7 (37...
Qxf7 38. Qd4+ Kg8 39. Qxd6 $18) 38. Qd4+ Kg8 39. Qg4+ Kh8 $11) 36... Re8 37.
Rc1 (37. Rxe8 Nxe8 38. Qe5 a6 39. a4 b5 40. axb5 axb5 41. Ba2 b4 42. Qe6 Nc7
43. Qe5 $11) 37... Ne4 38. Qf4 Nd6 $2 {The defender has lost control in time
trouble and indirectly expected that a repetition of the previous solution
will be sufficient. This crude judgement has failed him, as Almasi finally
gets the chance to efficiently include the rook in the decisive attack.} (38...
Nc5 39. Qf6 (39. Rc3 Re1+ 40. Kh2 Ne6 41. Qg4+ Kh8 42. Bxe6 Qxh6+ 43. Kg3 Qg7
44. Rc8+ Rf8 $17) 39... Ne4 40. Qf4 $11) 39. Rc3 $1 Kh8 (39... Qe7 40. Re3 Ne4
(40... Qd7 41. Qf6 $18) (40... Qd8 41. Qg4+ Kf8 42. Bxf7 $18) 41. Rxe4 Kf8 42.
g3 Qd7 (42... a6 43. Rxe7 Rxf4 44. Rxe8+) 43. Bxf7 Rxe4 44. Qxe4 Qxf7 45. Qa8+
$18) 40. Bxf7 (40. Bxf7 Qxf7 (40... Nxf7 41. Qf6+ Kg8 42. Rg3+ $18) 41. Qd4+
Kg8 42. Rg3+ Kf8 43. Qxd6+ $18) 1-0

[Event "Tilburg"]
[Site "Tilburg"]
[Date "1993.??.??"]
[Round "3"]
[White "Yermolinsky, Alex"]
[Black "Vaganian, Rafael A"]
[Result "0-1"]
[WhiteElo "2605"]
[BlackElo "2615"]
[Annotator "Ftacnik,L"]
[PlyCount "80"]
[EventDate "1993.11.??"]
[EventType "k.o."]
[EventRounds "7"]
[EventCountry "NED"]
[SourceTitle "CBM 039"]
[Source "ChessBase"]
[SourceDate "1994.04.01"]
[SourceVersion "1"]
[SourceVersionDate "1994.04.01"]
[SourceQuality "1"]

1. e4 e6 2. d4 d5 3. Nc3 Bb4 4. e5 c5 5. a3 Ba5 6. b4 cxd4 7. Qg4 Ne7 8. Nb5
Bc7 9. Qxg7 Rg8 10. Qxh7 a6 11. Nxc7+ Qxc7 12. Ne2 Bd7 $5 (12... Qxe5 13. Bb2 (
13. Qd3 Nbc6 14. Bb2 Nf5 (14... Bd7 15. O-O-O Qf6 16. Nxd4 Qxf2 17. Nf3 Nf5 $10
{Chandler,M-Vaganian,R/Manila izt/1990/}) 15. O-O-O Qf6 16. Nxd4 $14 Nfxd4 17.
Bxd4 e5 18. Bb2 Be6 19. Qd2 O-O-O 20. f4 $1 $16 {Liberzon,V-Vaganian,R/Haifa/
1989/0.5 (61)}) 13... Qf6 $1 (13... Qc7 14. f4 Nbc6 15. Qd3 Nf5 16. g3 (16.
O-O-O Bd7 17. Re1 Rc8 18. Kb1 Nce7 19. Nxd4 Nxd4 20. Bxd4 Qxf4 21. g3 Qf5 22.
Qd2 Rg4 23. Bb2 Bb5 24. Bd3 $14 {Nunn,J-Kinsman,A/London Lloyds (03)/1993/1-0 
(36)}) (16. c3 dxc3 17. Bxc3 Bd7 18. g3 Qb6 19. Bh3 Nd6 20. Bd4 Nxd4 21. Qxd4
Qxd4 22. Nxd4 Rc8 23. O-O Rc3 24. Rfc1 $10 {Lau,R-Haugli/Naestved op (1)/1988/
0.5 (28)}) 16... e5 17. fxe5 Nxe5 18. Qb3 d3 19. cxd3 d4 20. Nf4 Ne3 21. Be2
Bg4 22. Rc1 Qd6 23. Bxg4 Rxg4 24. Ke2 $15 {Johannesson,L-Karlsson,La/Gausdal
Arnold-Cup (8)/1990/0-1 (44)}) (13... Nbc6 14. O-O-O Qc7 (14... Qd6 15. f4 e5
16. fxe5 Qxe5 17. Nxd4 Nxd4 18. Rxd4 Bf5 19. Qh4 Rc8 20. Rd2 Qe3 21. Kd1 Qxd2+
22. Kxd2 Rxc2+ 23. Ke3 Be4 24. g4 $13 {Klovan,Y-Lputian,S/USSR/1985/0.5 (32)})
(14... Rh8 15. Qd3 Rxh2 16. Rxh2 Qxh2 17. Nxd4 Bd7 18. Qe3 Nxd4 19. Qxd4 Rc8
20. g3 Nf5 21. Qf4 Bb5 22. Kb1 Bxf1 23. Rxf1 Qh7 24. b5 $13 {Arnason,J-Herzog/
Randers zt/1982/0-1 (50)}) 15. f4 e5 16. Qd3 $6 e4 17. Qd2 e3 18. Qe1 Bf5 19.
Kb1 Nxb4 20. axb4 Qxc2+ 21. Ka2 a5 22. b5 {Almasi,I-Almasi,Z/Zalakaros op (03)/
1992/0-1 (22)}) 14. f4 (14. Qd3 e5 15. f4 Bf5 16. Qd2 Qh4+ 17. g3 Qh7 18. Bg2
f6 19. O-O Nbc6 20. Rf2 Rh8 21. Bh1 Be4 22. Re1 O-O-O 23. a4 Rhg8 24. b5 $15 {
Cabrilo,G-Vaganian,R/Manila izt (11)/1990/0.5 (35)}) 14... Nbc6 15. Qd3 Nf5 16.
O-O-O Qh6 $1 17. Kb1 $5 (17. Re1 e5 $5 (17... Bd7 18. Qd2 (18. Kb1 Rc8 19. g3 (
19. g4 $1 Ne3 $6 20. Nxd4 $1 Nxd4 21. g5 Qh4 22. Rxe3 Nxc2 23. Rg3 Qxf4 24. Qh7
$1 $16 {Kremenietsky,A-Legky,N/Odessa/1988/0-1 (29)}) 19... Kf8 20. h4 Nce7 21.
Nxd4 Nxg3 22. Rh2 Qxf4 23. Bc1 Qd6 24. Qh7 $36 {Yudasin,L-Lputian,S/USSR ch/
1986/1-0 (36)}) 18... Rc8 19. Nxd4 Ncxd4 20. Bxd4 Rg4 $5 (20... Ng3 21. hxg3
Qxh1 22. Bxa6 Qh5 23. Re5 Qh1+ 24. Re1 $44 {Klovan,Y-Legky,N/USSR/1986/0.5 (33)
}) (20... Ba4 21. c3 Qg6 22. Bf2 d4 23. c4 Nd6 24. Bd3 $13 {Hadraba-Sonsky/
CSFR ch corr/1988/0.5 (30)}) 21. Bc5 $1 a5 22. Bd3 Qg7 23. Kb1 Rxg2 $2 24. Qxg2
$1 $16 {Hawelko,M-Schmidt,Wl/Polska/1987/1-0 (45)}) 18. Qd2 e4 19. Nxd4 Nfxd4
20. Bxd4 Nxd4 21. Qxd4 Qxf4+ 22. Kb1 Be6 23. c4 O-O-O 24. c5 $13 {Van de
Oudeweetering,A-Timmer,R/Nederland/1987/1-0 (50)}) 17... Ne3 18. Re1 Nc4 $5 19.
Bc1 Qf6 $13 {Haist,W-Steckner,J/Bad Worishofen/1987/}) 13. Bb2 (13. f4 Ba4 14.
Kd1 Rg6 $1) 13... a5 14. Nxd4 (14. f4 axb4 15. axb4 Rxa1+ 16. Bxa1 Qb6 17. c3
Qa7 18. Qb1 d3 19. Nd4 Nbc6 20. g3 Nxd4 21. cxd4 Bb5 $36) 14... Qxe5+ 15. Be2
Nbc6 16. Rd1 (16. Qd3 axb4 (16... Rxg2 $36) 17. O-O bxa3 18. Nb5 Qxb2 19. Nc7+
Kd8 20. Nxa8 $14) 16... axb4 17. axb4 Ra2 18. Nxc6 (18. Bc3 Rxg2 $36) 18...
Qxb2 19. Nxe7 Rh8 20. Qd3 Kxe7 21. h4 Rc8 (21... Qxb4+ 22. c3 Qc5 23. h5 $15)
22. Rd2 Qxb4 23. O-O Ra3 24. Qd4 Qxd4 25. Rxd4 Rxc2 26. Bf3 b5 27. h5 Rc4 28.
Rd2 f5 29. Rb2 Rac3 30. Be2 Rc2 31. Rfb1 Rxb2 32. Rxb2 Rc8 33. f4 Rb8 34. Kf2
b4 35. Ke3 b3 36. g3 Rb4 37. Bd3 Bb5 38. Bb1 d4+ 39. Kd2 Kf6 40. Kc1 Rc4+ 0-1